Apocalyptica the life burns tour

Bibliographic Details
Format: Video DVD
Language:Slovak
PhysicalDescription:1 videodisk (DVD)
Vyšlo ako príloha denníka Nový Čas
Published: [Bratislava Ringier 2008]
Subjects:
DVD

MARC

LEADER 00000ngm a2200000 a 4500
001 vtls010274912
003 SK-MaSNL
005 20260301031723.0
007 vd uvuizu
008 110502s2009 xo 000 vlslo
040 |a SNK  |b slo  |c SNK  |e AACR2 
041 0 |a slo 
044 |a xo  |c SK 
245 0 0 |a Apocalyptica  |h videozáznam  |b the life burns tour 
260 |a [Bratislava  |b Ringier  |c 2008] 
300 |a 1 videodisk (DVD) 
300 |a Vyšlo ako príloha denníka Nový Čas 
655 7 |a DVD  |2 SNKPH  |9 70751 
999 |c 577197  |d 579127 
952 |a SNK  |b SNK  |y PREZ  |7 0  |p 17A0701650  |o snkSDVD 1193  |i snk2011/9799  |8 0  |0 0  |1 0  |4 0  |d 2011-05-02  |l 0  |r 2026-02-23 14:37:35  |w 2026-02-23 
952 |a SNK  |b SNK  |y PREZ  |7 0  |p 17A0701651  |o snkSDVD 1193 D1  |i snk2011/9800  |8 0  |0 0  |1 0  |4 0  |d 2011-05-02  |l 0  |r 2026-02-23 14:37:35  |w 2026-02-23